|
|
|
|
| LEADER |
00786nam a22001817a 4500 |
| 020 |
|
|
|a 8177051547
|
| 082 |
|
|
|a M3
|b AYY/A
|
| 100 |
|
|
|a Ayyappan Thonnakkal
|9 153228
|
| 245 |
|
|
|a Akkaramkolli pookkunnidathu/
|c by Ayyappan Thonnakkal
|
| 260 |
|
|
|a Thiruvananthapuram:
|b Prabhatham,
|c 2013.
|
| 300 |
|
|
|a 551p.
|
| 650 |
|
|
|a Novel Malayalam
|9 153229
|
| 650 |
|
|
|a Literature Malayalam
|9 153230
|
| 650 |
|
|
|a Literature
|9 153231
|
| 942 |
|
|
|c BK
|
| 999 |
|
|
|c 72209
|d 72209
|
| 952 |
|
|
|0 0
|1 0
|4 0
|6 M_3_000000000000000_AYY_A
|7 0
|9 92844
|a SSUS
|b SSUS
|c STACKS
|d 2018-06-08
|g 440.00
|l 1
|o M3 AYY/A
|p 090199
|q 2020-02-03
|r 2020-01-20
|s 2020-01-20
|w 2018-06-08
|y BK
|
| 952 |
|
|
|0 0
|1 0
|4 0
|6 M_3_000000000000000_AYY_A
|7 0
|9 92845
|a SSUS
|b SSUS
|c STACKS
|d 2019-04-24
|g 440.00
|l 1
|o M3 AYY/A
|p 094634
|q 2020-12-29
|r 2020-11-30
|s 2020-11-30
|w 2019-04-24
|y BK
|